000 00652nam a22001937a 4500
999 _c165721
_d165721
005 20190627163322.0
010 _aUR-10263
020 _c250.00
_a9789388356640
035 _aU-8818
037 _bDBAD/PUB
082 _a841
100 _aمظفر حسين مظفر
245 _aپيا م غز ل
_cمظفر حسين مظفر
246 _bPyaam*e*Ghazal (Urdu)
_aby Muzaffar Hussain Muzaffar
260 _a Delhi
_bEducational Publishing House
_c2018 ء
270 _a3191،Vakil Street,Kucha Pandit,Lal Kuan,
_bDelhi
_e110006
_k23216162
_l00911123211540
300 _a144ص
_c22 Cm(Hb)
942 _2ddc
_cUR
_h841
_mم ظ ف